| 000 | 00552nam a22001937a 4500 | ||
|---|---|---|---|
| 005 | 20260604105616.0 | ||
| 008 | 260604b |||||||| |||| 00| 0 eng d | ||
| 020 |
_a9789380444796 _c795.00 |
||
| 040 | _aMAIN | ||
| 041 | _aEnglish | ||
| 082 |
_a510.24058 _bAGG |
||
| 100 |
_aAggarwal, Kapil Kumar _918618 |
||
| 245 |
_aBusiness Mathematics And Statistics _b : For Commerce And Management |
||
| 260 |
_aNew Delhi _b A.B. Publication _c2022 |
||
| 300 | _a506 | ||
| 650 |
_aCommerce (PM USHA) _926705 |
||
| 700 |
_aAggarwal, Vishu _918619 |
||
| 942 | _cBK | ||
| 999 |
_c60982 _d60982 |
||